Brendan Gleeson Filmography - Statistics

General Stats
  • This quiz has been taken 107 times
    16 since last reset
  • The average score is 23 of 120
Answer Stats
Type Year Name % Correct
Film 2008 In Bruges
88%
Film 2022 The Banshees of Inisherin
88%
Film 2002 28 Days Later
75%
Film 2017 Paddington 2
63%
Film 1995 Braveheart
50%
Film 2002 Gangs of New York
50%
Film 2005 Harry Potter and the Goblet of Fire
50%
Film 2011 The Guard
50%
Film 2014 Calvary
38%
Film 2003 Cold Mountain
38%
Film 2010 Harry Potter and the Deathly Hallows - Part 1
38%
Film 2007 Harry Potter and the Order of the Phoenix
38%
Film 2000 Mission: Impossible 2
38%
TV Show 2022 Saturday Night Live
38%
Film 2014 Song of the Sea
38%
TV Mini-Series 2020 The Comey Rule
38%
Film 2009 The Secret of Kells
38%
Film 2004 Troy
38%
Film 1997 A Further Gesture
25%
Film 2001 A.I. Artificial Intelligence
25%
Film 2005 Breakfast on Pluto
25%
Film 1992 Far and Away
25%
Film 2017 Hampstead
25%
Film 2015 In the Heart of the Sea
25%
Film 2005 Kingdom of Heaven
25%
Film 2012 The Pirates! In an Adventure with Scientists!
25%
Film 2013 The Smurfs 2
25%
Film 2021 The Tragedy of Macbeth
25%
TV Mini-Series 2013 1916 Seachtar Dearmadta
13%
TV Show 2010 1916 Seachtar na Cásca
13%
Film 2023 A Greyhound of a Girl
13%
Film 2011 Albert Nobbs
13%
Film 2016 Alone in Berlin
13%
Film 1996 Angela Mooney
13%
Film 2016 Assassin's Creed
13%
Documentary 2016 Atlantic
13%
Theater 1994 Babies and Bathwater
13%
Short Film 1997 Before I Sleep
13%
Film 2007 Beowulf
13%
Video Game 2007 Beowulf: The Game
13%
Film 2007 Black Irish
13%
Documentary 2024 Brendan Gleeson's Farewell to Hughes
13%
Theater 1987 Brownbread
13%
Short Film 2001 Cáca Milis
13%
Film 2018 Captain Morten and the Spider Queen
13%
Short Film 1992 Conneely's Choice
13%
Film 2002 Dark Blue
13%
TV Film 1989 Dear Sarah
13%
Film 2014 Edge of Tomorrow
13%
Film 2019 Frankie
13%
Web Series 2021 Frank of Ireland
13%
Film 2010 Green Zone
13%
TV Film 1990 Hard Shoulder
13%
Film 2001 Harrison's Flowers
13%
Film TBA H Is for Hawk
13%
Theater 1988 Home
13%
TV Film 2012 Immaturity for Charity
13%
Film 2004 In My Country
13%
TV Film 1991 In the Border Country
13%
TV Film 2009 Into the Storm
13%
Film 1992 Into the West
13%
Film 1997 I Went Down
13%
Film 2001 J.J. Biker
13%
Film 2024 Joker: Folie à Deux
13%
Documentary Mini-Series 2025 Kerry: Tides of Time
13%
TV Film 1995 Kidnapped
13%
Film 2016 Live by Night
13%
TV Film 1998 Making the Cut
13%
Short Film 1992 M.A.N.: Matrix Adjusted Normal
13%
Film 1996 Michael Collins
13%
TV Show 2017-2019 Mr. Mercedes
13%
Film 1999 My Life So Far
13%
Short Film 2010 Noreen
13%
Film 2009 Perrier's Bounty
13%
Short Film 2018 Psychic
13%
Film 2015 Pursuit
13%
Film 2021 Riverdance: The Animated Adventure
13%
Film 2012 Safe House
13%
TV Film 1991 Saint Oscar
13%
Film 2000 Saltwater
13%
TV Show 1993 Screenplay
13%
Short Film 2004 Six Shooter
13%
Short Film 2012 So You Want to Be a Pirate!
13%
Film 1997 Spaghetti Slow
13%
Web Series 2026 Spider-Noir
13%
TV Show 2022 State of the Union
13%
Film 2014 Stonehearst Asylum
13%
Film 2006 Studs
13%
Film 2015 Suffragette
13%
Film 2018 The Ballad of Buster Scruggs
13%
Film 1992 The Bargain Shop
13%
Film 1997 The Butcher Boy
13%
Film 2012 The Company You Keep
13%
Film 2011 The Cup
13%
Film 1990 The Field
13%
Film 1998 The General
13%
Web Series TBA The Good Daughter
13%
Film 2013 The Grand Seduction
13%
Theme Park Attraction 2014 The Hogwarts Express
13%
Documentary 2022 The Irish Civil War
13%
TV Show 1994 The Lifeboat
13%
Short Film 1995 The Life of Reilly
13%
TV Film 2014 The Money
13%
Film 2012 The Raven
13%
TV Film 1993 The Snapper
13%
Film 2001 The Tailor of Panama
13%
Film 1998 The Tale of Sweety Barrett
13%
Film 2006 The Tiger's Tail
13%
TV Film 1991 The Treaty
13%
Film 2004 The Village
13%
Theater 2025 The Weir
13%
TV Film 1998 This Is My Father
13%
Film 2016 Trespass Against Us
13%
Film 1996 Trojan Eddie
13%
Film 1997 Turbulence
13%
Theater 1989 War
13%
Theater 1985 Wasters
13%
Film 2000 Wild About Harry
13%
TV Short 2003 Wilde Stories: The Devoted Friend
13%
Short Film 2001 The Cake
0%
No matching quizzes found
Score Distribution
Percent of People with Each Score
Percentile by Number Answered
Your Score History
You have not taken this quiz since the last reset